英国百大城市 100 Biggest Cities and Towns in the UK - Statistics

General Stats
  • This quiz has been taken 7 times
  • The average score is 42 of 100
Answers on the Map
Answers color-coded by a green-red scale on the quiz's map according to % correct below.
 
Answer Stats
人口 城市 % Correct
8,776,535 伦敦
100%
631,690 格拉斯哥
100%
536,321 利兹
100%
506,552 利物浦
100%
505,310 爱丁堡
100%
470,411 曼彻斯特
100%
384,704 贝尔法斯特
100%
348,546 加的夫
100%
286,468 泰恩河畔纽卡斯尔
100%
170,798 牛津
100%
152,725 剑桥
100%
1,121,408 伯明翰
86%
500,552 谢菲尔德
86%
425,232 布里斯托尔
86%
406,588 莱斯特
86%
344,322 考文垂
86%
299,797 诺丁汉
86%
249,604 南安普敦
86%
223,312 朴次茅斯
86%
196,220 阿伯丁
86%
141,671 约克
86%
277,106 布莱顿霍夫
71%
275,599 德比
71%
270,806 赫尔河畔金斯顿
71%
266,983 普利茅斯
71%
243,511 北安普敦
71%
203,808 雷丁
71%
146,840 邓迪
71%
333,931 布拉德福德
57%
200,752 诺维奇
57%
196,445 伯恩茅斯
57%
182,287 滨海绍森德
57%
170,055 斯旺西
57%
149,056 布莱克浦
57%
148,219 米德尔斯伯勒
57%
130,900 纽波特
57%
104,565 林肯
57%
92,742 切斯特
57%
260,602 特伦特河畔斯托克
43%
234,015 伍尔弗汉普顿
43%
233,498 卢顿
43%
184,073 博尔顿
43%
166,877 斯劳
43%
151,562 伊普斯威奇
43%
131,326 沃特福德
43%
130,248 科尔切斯特
43%
124,983 布莱克本
43%
94,092 巴斯
43%
85,911 格里姆斯比
43%
85,279 伦敦德里
43%
197,354 米尔顿凯恩斯
29%
141,692 哈德斯菲尔德
29%
126,156 埃克塞特
29%
111,261 罗奇代尔
29%
110,718 奥尔德姆
29%
109,490 梅德斯通
29%
108,409 索尔福德
29%
94,508 普雷斯顿
29%
94,421 绍斯波特
29%
87,457 唐卡斯特
29%
84,801 蒂斯河畔斯托克顿
29%
81,557 威根
29%
190,584 彼得伯勒
14%
183,638 斯温顿
14%
174,954 沃灵顿
14%
140,977 普尔
14%
120,549 克劳利
14%
118,541 格洛斯特
14%
117,941 斯托克波特
14%
115,316 盖茨黑德
14%
111,621 沃辛
14%
109,848 博肯黑德
14%
108,483 吉林厄姆
14%
107,677 圣海伦斯
14%
105,455 伍斯特
14%
103,112 西布罗姆维奇
14%
97,852 韦克菲尔德
14%
93,037 达灵顿
14%
91,480 黑斯廷斯
14%
88,109 哈利法克斯
14%
87,984 哈特尔浦
14%
85,611 沃勒西
14%
84,628 滨海韦斯顿
14%
82,164 阿什福德
14%
168,277 森德兰
0%
156,896 特尔福德
0%
117,207 贝辛斯托克
0%
115,964 巴西尔登
0%
115,959 切尔滕纳姆
0%
110,606 切尔姆斯福德
0%
107,728 索利哈尔
0%
99,189 伊斯特本
0%
97,241 贝德福德
0%
95,961 赫默尔亨普斯特德
0%
94,456 斯蒂夫尼奇
0%
93,566 哈洛
0%
88,813 纳尼顿
0%
87,967 艾尔斯伯里
0%
83,523 海威科姆
0%
81,637 雷迪奇
0%
No matching quizzes found
Score Distribution
Percent of People with Each Score
Percentile by Number Answered
Your Score History
You have not taken this quiz